000 00396nam a2200169Ia 4500
001 28809
003 IN-NITTTR
005 20251114233355.0
008 251113s9999||||xx |||||||||||||| ||eng||
040 _beng
040 _cIN-NITTTR
041 _aeng
082 _a338
245 0 _aEntrepreneurial management /
_cBhargava, Shivganesh, ed
700 _aBhargava, Shivganesh
942 _2ddc
_cBK
999 _c31437
_d31437